Phish's Longest Jams - Statistics

General Stats
  • This quiz has been taken 9 times
  • The average score is 34 of 49
Answer Stats
Date Length Artist Appears On? Song Title % Correct
11/29/97 58:48 Phish N/A Runaway Jim
100%
8/11/98 34:51 Phish N/A Runaway Jim
100%
7/3/00 32:58 Phish N/A Runaway Jim
100%
7/14/19 38:08 Trey Anastasio Ghosts of the Forest Ruby Waves
86%
12/29/24 36:37 Trey Anastasio Ghosts of the Forest Ruby Waves
86%
6/14/95 50:17 Phish A Picture of Nectar Tweezer
86%
11/28/94 44:03 Phish A Picture of Nectar Tweezer
86%
4/17/23 43:39 Phish A Picture of Nectar Tweezer
86%
6/22/95 41:38 Phish A Picture of Nectar Tweezer
86%
7/30/24 39:48 Phish A Picture of Nectar Tweezer
86%
7/31/13 36:13 Phish A Picture of Nectar Tweezer
86%
12/30/19 35:00 Phish A Picture of Nectar Tweezer
86%
9/1/21 34:01 Phish A Picture of Nectar Tweezer
86%
8/1/21 33:50 Phish A Picture of Nectar Tweezer
86%
11/2/94 31:00 Phish A Picture of Nectar Tweezer
86%
10/31/95 40:11 Phish Junta You Enjoy Myself
86%
12/9/95 34:00 Phish Junta You Enjoy Myself
86%
7/9/97 33:01 Phish Junta You Enjoy Myself
86%
5/5/93 31:50 Phish Junta You Enjoy Myself
86%
2/22/24 35:01 Phish Evolve A Wave Of Hope
71%
11/23/97 31:06 Phish Lawn Boy Bathtub Gin
71%
2/23/24 39:54 Phish A Picture of Nectar Chalkdust Torture
71%
7/25/17 33:07 Talking Heads Remain In Light Crosseyed And Painless
71%
7/11/25 34:12 Phish Hoist Down With Disease
71%
4/21/24 33:26 Phish Hoist Down With Disease
71%
12/12/95 31:47 Phish Hoist Down With Disease
71%
7/24/99 32:48 Phish Junta Fluffhead
71%
4/23/26 37:20 Phish Fuego Fuego
71%
8/3/03 31:47 Phish Story of the Ghost Ghost
71%
8/4/24 31:06 Phish Story of the Ghost Ghost
71%
11/26/94 37:06 Phish Junta David Bowie
57%
12/29/94 31:20 Phish Junta David Bowie
57%
9/14/00 31:47 The Who Quadrophenia Drowned
57%
12/12/99 31:16 The Who Quadrophenia Drowned
57%
11/22/95 33:10 Phish Billy Breathes Free
57%
12/31/99 35:36 Ween Chocolate & Cheese Roses Are Free
57%
7/15/25 39:38 Phish Farmhouse Sand
57%
6/5/22 33:57 Phish Farmhouse Sand
57%
8/31/21 46:38 Trey Anastasio N/A Soul Planet
57%
6/14/00 34:21 Phish Farmhouse Twist
57%
8/3/03 38:30 Phish Round Room 46 Days
43%
1/31/26 39:48 Phish Undermind A Song I Heard The Ocean Sing
43%
6/19/04 32:39 Phish Farmhouse Piper
43%
12/31/99 31:01 Velvet Underground Loaded Rock And Roll
43%
7/27/24 40:20 Phish N/A Simple
43%
11/16/94 32:34 Phish N/A Simple
43%
8/15/04 31:04 Phish Lawn Boy Split Open And Melt
43%
6/24/25 42:19 Trey Anastasio N/A What's Going Through Your Mind
43%
11/30/97 31:32 Phish Hoist Wolfman's Brother
43%
No matching quizzes found
Score Distribution
Percent of People with Each Score
Percentile by Number Answered
Your Score History
You have not taken this quiz